Skrytá tajemství /

Hlavní autor: Metcalfe, Josie
Další autoři: Zavodská, Evženie
Jazyk: Čeština
Vydáno: Praha : Harlequin, 1997
Edice: Romance (Harlequin)
Témata:
Fyzický popis: 151 s. ; 18 cm
Knihy
Uloženo v:
LEADER 01120nam a2200337 a 4500
001 000154951
003 CZ BrMZK
005 20210406063126.0
007 ta
008 960815s1997 xr g 000 f cze d
015 |a cnb000203752 
020 |a 80-7170-623-X 
035 |a (OCoLC)37962441 
040 |a BOA001  |b cze 
041 1 |a cze  |h eng 
072 7 |a 821.111-3  |x Anglická próza, anglicky psaná  |2 Konspekt  |9 25 
080 |a 821.111-31  |2 MRF 
080 |a (0:82-312.5)  |2 MRF 
100 1 |a Metcalfe, Josie  |7 jn20001005670  |4 aut 
245 1 0 |a Skrytá tajemství /  |c Josie Metcalfeová ; [překlad Evženie Zavodská] 
260 |a Praha :  |b Harlequin,  |c 1997 
300 |a 151 s. ;  |c 18 cm 
490 1 |a Romance ;  |v 220 (D 04/97) 
655 7 |a anglicky psané romány  |7 fd131805  |2 czenas 
655 7 |a milostné romány  |7 fd132840  |2 czenas 
700 1 |a Zavodská, Evženie  |7 jn19981002439  |4 trl 
765 0 |t Secrets to keep  |9 Česky 
830 0 |a Romance (Harlequin)  |0 s 
910 |a BOA001  |b 1-1032.040 
990 |a BK 
996 6 |b 2610050858  |c 1-1032.040  |l MZK  |r Sklad / do 1 hodiny  |n 8  |p p.v.  |w 000154951  |u 000010  |a 1  |e BOA001  |j MZK50  |s P